Statistics for WWF No Mercy Roster (Nintendo 64 Game)

Click here to take the quiz!

General Stats

  • This quiz has been taken 313 times
  • The average score is 42 of 64

Answer Stats

Answer% Correct
The Rock
97%
"Stone Cold" Steve Austin
96%
Kane
93%
The Undertaker
93%
Triple H
93%
Edge
85%
Christian
83%
Mr. Ass
83%
Mankind
82%
Road Dogg
82%
Shawn Michaels
82%
Vince McMahon
80%
Shane McMahon
79%
X-Pac
79%
Chyna
78%
Chris Benoit
77%
Jeff Hardy
77%
Matt Hardy
77%
Chris Jericho
76%
The Godfather
76%
Kurt Angle
74%
Eddie Guerrero
73%
Stephanie McMahon
72%
Lita
71%
Bradshaw
70%
Trish Stratus
70%
Faarooq
67%
Test
67%
Perry Saturn
66%
Rikishi
65%
Buh Buh Ray Dudley
64%
Cactus Jack
64%
Dean Malenko
64%
D-Von Dudley
64%
Albert
63%
Ivory/Jacqueline
63%
Al Snow
62%
Jim Ross/Jerry Lawler/Pat Patterson/Gerald Brisco
62%
Steve Blackman
62%
Val Venis
61%
D'Lo Brown
60%
Hardcore Holly
60%
Ken Shamrock
60%
Mick Foley
60%
Viscera
60%
Big Boss Man
59%
Mark Henry
59%
Scotty Too Hotty
59%
Grand Master Sexay
58%
Crash Holly
56%
Steven Richards
53%
Tori
50%
Linda McMahon
48%
Tazz
48%
Earl Hebner/Howard Finkel/Paul Bearer/Michael Cole
47%
Terri/Debra
46%
Andre the Giant
39%
Bull Buchanan
39%
Taka Michinoku/Funaki
38%
The Kat
38%
Essa Rios
37%
The British Bulldog
37%
Mae Young/Moolah
31%
The Godfather's Ho
27%

Score Distribution

Percentile by Number Answered

Percent of People with Each Score

Your Score History

You have not taken this quiz